Music Quiz

Random Music or Album Quiz

Grammy Alternative Artists Quiz Stats

 Plays Quiz Updated Mar 15, 2021

Support Sporcle.
Go Orange.
Score 0/31 Timer 06:00
0 Plays Today
Year Artist % Correct
1995Green Day
84.5%
1998Radiohead
81.1%
2001Radiohead
81.1%
2009Radiohead
81.1%
2002Coldplay
78.7%
2003Coldplay
78.7%
2004The White Stripes
76.5%
2006The White Stripes
76.5%
2008The White Stripes
76.5%
2012Bon Iver
72.9%
1996Nirvana
72.4%
2019Beck
62.9%
1997Beck
58.5%
2000Beck
58.5%
2020Vampire Weekend
49.3%
1994U2
49.1%
Year Artist % Correct
2017David Bowie
48.8%
2015St. Vincent
46.7%
2014Vampire Weekend
44.8%
2021Fiona Apple
40.1%
1999Beastie Boys
38.3%
1992R.E.M.
37.3%
2007Gnarls Barkley
34.4%
2010Phoenix
31.3%
1991Sinéad O'Connor
23.2%
2005Wilco
19.4%
2016Alabama Shakes
18.3%
2011The Black Keys
15.3%
2018The National
15.1%
2013Gotye
14.1%
1993Tom Waits
12.4%

From the Vault

Actors & Actresses by Movie: 'L'

by kfastic

Movies 5m
These actors are a tough act to follow.
Remove Ads.
Support Sporcle.
Get the best of Sporcle when you Go Orange. This ad-free experience offers more features, more stats, and more fun while also helping to support Sporcle. Thank you for becoming a member.

Show Comments

Extras

Top Quizzes Today


Score Distribution

Your Account Isn't Verified!

In order to create a playlist on Sporcle, you need to verify the email address you used during registration. Go to your Sporcle Settings to finish the process.

Report this User

Report this user for behavior that violates our Community Guidelines.

Details: